|
|
|
|
| LEADER |
02544pam a2200481 a 4500 |
| 001 |
AALProQuestebook000027 |
| 003 |
BD-DhAAL |
| 006 |
m||||||||d|||||||| |
| 007 |
cr|||||||||||| |
| 008 |
230613t2009 cauab b 001 0 eng d |
| 010 |
|
|
|a 2008046378
|
| 020 |
|
|
|a 9780804760713 (cloth : alk. paper)
|
| 020 |
|
|
|a 9780804760720 (pbk. : alk. paper)
|
| 040 |
|
|
|a CSt/DLC
|c DLC
|d DLC
|d BD-DhAAL
|
| 042 |
|
|
|a pcc
|
| 043 |
|
|
|a a-ii---
|
| 050 |
0 |
0 |
|a HD8039.D52
|b R39 2009
|
| 082 |
0 |
0 |
|a 640.460954
|2 22
|
| 100 |
1 |
|
|a Ray, Raka.
|9 54635
|
| 245 |
1 |
0 |
|a Cultures of servitude
|h [electronic resource] :
|b modernity, domesticity, and class in India /
|c Raka Ray and Seemin Qayum.
|
| 260 |
|
|
|a Stanford, Calif. :
|b Stanford University Press,
|c c2009.
|
| 300 |
|
|
|a 1 online resource (xiv, 255 pages).
|
| 500 |
|
|
|a <strong>Off-Campus Access:</strong> Athens ID and Password Required
|
| 500 |
|
|
|a <strong>On-Campus Access:</strong> No User ID or Password Required
|
| 500 |
|
|
|a Access type: Perpetual access for unlimited users
|
| 504 |
|
|
|a Includes bibliographical references (pages 233-248) and index.
|
| 505 |
0 |
|
|a Approaching servitude in Kolkata -- Colonial legacies and spatial transformations : from the big house to the flat -- Between family retainer and freelancer -- Disquieting transitions : from 'part of the family' to the wage contract -- The failure of patriarchy -- The cultivation and cleavage of distinction -- Traveling cultures of servitude : loyalty and betrayal in New York and Kolkata.
|
| 506 |
|
|
|a Electronic access restricted to authorized BRAC University faculty, staff and students
|
| 526 |
|
|
|a ESS
|x Zareef Tajwar Karim,
Lecturer
|
| 538 |
|
|
|a Mode of access: Internet
|
| 541 |
|
|
|a ProQuest
|h USD 119.53
|
| 650 |
|
0 |
|a Household employees
|z India
|x History.
|9 54636
|
| 650 |
|
0 |
|a Master and servant
|z India
|x History.
|9 54637
|
| 650 |
|
0 |
|a Social classes
|z India
|x History.
|9 54638
|
| 651 |
|
0 |
|a India
|x Social conditions.
|
| 655 |
|
|
|a Electronic books.
|
| 700 |
1 |
|
|a Qayum, Seemin.
|9 54639
|
| 710 |
|
|
|a ProQuest (Firm)
|
| 852 |
|
|
|a Ayesha Abed Library
|
| 856 |
|
|
|z Full text available on ProQuest
|u https://ebookcentral.proquest.com/lib/bracu/detail.action?docID=912089
|
| 942 |
|
|
|2 ddc
|c EBK
|
| 999 |
|
|
|c 45873
|d 45873
|
| 952 |
|
|
|0 0
|1 0
|2 ddc
|4 0
|6 640_460954000000000_RAY
|7 0
|9 73795
|a BRACUL
|b BRACUL
|d 2023-06-13
|e ProQuest
|g 13007.00
|l 0
|o 640.460954 RAY
|r 2023-06-13
|t 1
|w 2023-06-13
|y EBK
|x As discussed with Acquisition team, according to invoice date (10.06.2023) of the eBook, converted USD 119.53 to BDT 13,007.
|